Akciový trh Číny a jeho úloha v globálnej ekonomike diplomová práca

Guardado en:
Detalles Bibliográficos
Autor principal: Grosman, Ondrej
Autor Corporativo: Národohospodárska fakulta EU. Katedra bankovníctva a medzinárodných financií
Otros Autores: Chovancová, Božena
Formato: Libro
Lenguaje:eslovaco
Publicado: Bratislava 2017
Etiquetas: Agregar Etiqueta
Sin Etiquetas, Sea el primero en etiquetar este registro!

MARC

LEADER 00000nbm a2200000 4500
001 0231769
005 20240913085832.6
041 0 |a slo 
044 |a SK 
245 1 0 |a Akciový trh Číny a jeho úloha v globálnej ekonomike  |b diplomová práca  |c Ondrej Grosman ; školiteľ: Božena Chovancová 
264 1 |a Bratislava  |c 2017 
300 |a 71 s. 
100 1 |a Grosman, Ondrej 
700 1 |a Chovancová, Božena 
710 2 |a Národohospodárska fakulta EU. Katedra bankovníctva a medzinárodných financií